Dumping y comercio internacional (Registro nro. 357)

Detalles MARC
000 -LEADER
fixed length control field 01018 a2200217 4500
001 - CONTROL NUMBER
control field 3772
005 - DATE AND TIME OF LATEST TRANSACTION
control field 20260407155430.0
008 - FIXED-LENGTH DATA ELEMENTS--GENERAL INFORMATION
fixed length control field 260407a2010 arg spa d
003 - CONTROL NUMBER IDENTIFIER
control field AR-UNSa-BCEJYS
040 ## - CATALOGING SOURCE
Original cataloging agency AR-UNSa-BCEJYS
Language of cataloging spa
Transcribing agency AR-UNSa-BCEJYS
080 ## - UNIVERSAL DECIMAL CLASSIFICATION NUMBER
Universal Decimal Classification number 339.5
Common auxiliary subdivision Comercio exterior. Comercio Internacional
020 ## - INTERNATIONAL STANDARD BOOK NUMBER
International Standard Book Number 978-987-03-1587-2
100 1# - MAIN ENTRY--PERSONAL NAME
Personal name Barral, Welber
245 10 - TITLE STATEMENT
Title Dumping y comercio internacional
264 #1 - PRODUCTION, PUBLICATION, DISTRIBUTION, MANUFACTURE, AND COPYRIGHT NOTICE
Place of production, publication, distribution, manufacture Buenos Aires :
Name of producer, publisher, distributor, manufacturer Universidad de Buenos Aires. Facultad de Derecho. Departamento de Publicaciones
Date of production, publication, distribution, manufacture, or copyright notice 2010
300 ## - PHYSICAL DESCRIPTION
Extent xviii, 363 p.
Dimensions 24 cm.
505 ## - FORMATTED CONTENTS NOTE
Formatted contents note 1. El concepto de Dumping - 2. La reglamentación antidumping - 3. Normas vinculadas a la reglamentación antidumping - 4. Elementos del dumping - 5. Experiencias nacionales - 6. Legislación antidumping y procesos de integración
590 ## - LOCAL NOTE (RLIN)
Local note niveau_biblio:m niveau_hierar:0
856 41 - ELECTRONIC LOCATION AND ACCESS
Uniform Resource Identifier <a href="https://biblioeco.unsa.edu.ar/pmb/images/libros/Dumping y Comercio Internacional-l117914.jpg">https://biblioeco.unsa.edu.ar/pmb/images/libros/Dumping y Comercio Internacional-l117914.jpg</a>
Link text Imagen de portada
Electronic format type image/jpeg
942 ## - ADDED ENTRY ELEMENTS (KOHA)
Koha item type
Existencias
Withdrawn status Lost status Damaged status Not for loan Home library Current library Shelving location Date acquired Total checkouts Full call number Barcode Date last seen Price effective from Koha item type
        Biblioteca Prof. Eusebio Cleto del Rey Biblioteca Prof. Eusebio Cleto del Rey   07/04/2026   339.5 B268 L117914 07/04/2026 07/04/2026 Libro